Superhero Alter Egos - Statistics

General Stats
  • This quiz has been taken 26 times
  • The average score is 46 of 65
Answer Stats
Hint Answer % Correct
Bruce Wayne Batman
100%
Natasha Romanoff Black Widow
100%
Steve Rodgers Captain America
100%
Stephen Strange Doctor Strange
100%
Tony Stark Iron Man
100%
Peter Parker Spiderman
100%
Clark Kent Superman
100%
Bruce Banner the Hulk
100%
Thor Odinson Thor
100%
T Challa Black Panther
96%
Barry Allen the Flash
96%
Diana Prince Wonder Woman
96%
Oliver Queen Green Arrow
92%
Hal Jordan Green Lantern
92%
Clint Barton Hawkeye
92%
Sue Storm Invisible Woman
92%
Reed Richards Mr Fantastic
92%
Dick Grayson Robin
92%
Hank Pym Ant-Man
88%
Barbara Gordon Batgirl
88%
Wade Wilson Deadpool
88%
Johnny Storm Human Torch
88%
Charles Xavier Professor X
88%
Janet van Dyme the Wasp
88%
James Logan Howlett Wolverine
88%
Pietro Maximoff Quicksilver
83%
Ben Grimm The Thing
83%
Hank McCoy Beast
79%
Carol Danvers Captain Marvel
79%
Scott Summers Cyclops
79%
Matt Murdock Daredevil
79%
Sam Wilson Falcon
79%
Arthur Curry Aquaman
75%
Kara Zor El Supergirl
75%
Billy Batson Shazam
71%
Peter Quill Star-Lord
71%
Victor Stone Cyborg
67%
Bobby Drake Iceman
67%
Ororo Munroe Storm
67%
Zatanna Zatara Zatanna
67%
Wally West Kid Flash
63%
James Rhodes War Machine
63%
Ray Palmer Atom
58%
Kurt Wagner Nightcrawler
58%
Warren Warrington III Angel
54%
Jonn Jonnz Martian Manhunter
54%
Dinah Lance Black Canary
50%
Nathan Summers Cable
50%
Piotr Rasputin Colossus
50%
Danny Rand Iron Fist
50%
Anna Marie Rogue
50%
Carter Hall Hawkman
46%
Garfield Logan Beast Boy
42%
Ronnie Raymond Firestorm
42%
Kendra Saunders Hawkgirl
42%
Marc Spector Moon Knight
42%
Rachel Roth Raven
42%
Kent Nelson Doctor Fate
38%
Ted Kord Blue Beetle
33%
John Smith Red Tornado
33%
Roy Harper Arsenal
29%
Kamala Khan Miss Marvel
29%
Ralph Dibny Elongated Man
25%
Victor Shade Vision
25%
Mari McCabe Vixen
21%
No matching quizzes found
Score Distribution
Percent of People with Each Score
Percentile by Number Answered
Your Score History
You have not taken this quiz